| 000 | 00767nam a2200217Ia 4500 | ||
|---|---|---|---|
| 008 | 130821s1961 ag gr spa | ||
| 040 |
_aCo-BoUCM _bspa |
||
| 041 | _aspa | ||
| 100 | 1 |
_aMasnatta, Héctor _9155969 |
|
| 245 | 1 | 3 |
_aEl factor de comercio Examen de la preposición institoria y del sistema de la representación en el derecho privado argentino _cHéctor Masnatta |
| 260 |
_aBuenos Aires (Argentina) _bOmeba _c1961 |
||
| 300 | _a191 páginas | ||
| 500 | _aNotas al pie de página | ||
| 650 | 0 | 4 |
_aComercio _911192 |
| 650 | 0 | 4 |
_aDerecho comercial _912717 |
| 650 | 0 | 4 |
_aDerecho comercial _zArgentina _912717 |
| 650 | 0 | 4 |
_aDerecho _97494 |
| 651 |
_aArgentina _9442 |
||
| 942 |
_cLIBRO _a8 _e1 _mM17 _2DEWEY _h346.07 |
||
| 999 |
_c13891 _d13891 |
||